Destination Dhaka : (Record no. 28776)

MARC details
000 -LEADER
fixed length control field 01134cam a2200337 a 4500
001 - CONTROL NUMBER
control field 12083272
003 - CONTROL NUMBER IDENTIFIER
control field BDDh-ASL
005 - DATE AND TIME OF LATEST TRANSACTION
control field 20231015030952.0
008 - FIXED-LENGTH DATA ELEMENTS--GENERAL INFORMATION
fixed length control field 000523s1999 bg a b 001 0 eng
010 ## - LIBRARY OF CONGRESS CONTROL NUMBER
LC control number 99953509
020 ## - INTERNATIONAL STANDARD BOOK NUMBER
Canceled/invalid ISBN 984051480X
025 ## - OVERSEAS ACQUISITION NUMBER
Overseas acquisition number B-E-99-953509; 021
035 ## - SYSTEM CONTROL NUMBER
System control number (DLC) 99953509
037 ## - SOURCE OF ACQUISITION
Source of stock number/acquisition Library of Congress -- New Delhi Field Office
Terms of availability Tk380.00
040 ## - CATALOGING SOURCE
Original cataloging agency DLC
Transcribing agency DLC
Modifying agency DLC
-- BDDh-ASL
042 ## - AUTHENTICATION CODE
Authentication code lcode
043 ## - GEOGRAPHIC AREA CODE
Geographic area code a-bg---
050 00 - LIBRARY OF CONGRESS CALL NUMBER
Classification number HB2100.6
Item number .A59 1999
082 ## - DEWEY DECIMAL CLASSIFICATION NUMBER
Classification number 954.922
Item number BED
100 0# - MAIN ENTRY--PERSONAL NAME
Personal name Anwara Begum,
Dates associated with a name 1959-
245 10 - TITLE STATEMENT
Title Destination Dhaka :
Remainder of title Urban migration : expectations and reality /
Statement of responsibility, etc. Anwara Begum.
260 ## - PUBLICATION, DISTRIBUTION, ETC.
Place of publication, distribution, etc. Dhaka :
Name of publisher, distributor, etc. University Press,
Date of publication, distribution, etc. 1999.
300 ## - PHYSICAL DESCRIPTION
Extent xvii, 194 p. :
Other physical details ill. ;
Dimensions 22 cm.
504 ## - BIBLIOGRAPHY, ETC. NOTE
Bibliography, etc. note Includes bibliographical references (p. [169]-187) and index.
650 #0 - SUBJECT ADDED ENTRY--TOPICAL TERM
Topical term or geographic name entry element Rural-urban migration
Geographic subdivision Bangladesh.
651 #0 - SUBJECT ADDED ENTRY--GEOGRAPHIC NAME
Geographic name Bangladesh
General subdivision Social conditions.
651 #0 - SUBJECT ADDED ENTRY--GEOGRAPHIC NAME
Geographic name Bangladesh
General subdivision Economic conditions.
906 ## - LOCAL DATA ELEMENT F, LDF (RLIN)
a 7
b cbc
c origode
d 3
e ncip
f 19
g y-gencatlg
942 ## - ADDED ENTRY ELEMENTS (KOHA)
Source of classification or shelving scheme Dewey Decimal Classification
Koha item type Books
Holdings
Withdrawn status Lost status Source of classification or shelving scheme Damaged status Not for loan Collection code Home library Current library Shelving location Date acquired Source of acquisition Total Checkouts Full call number Barcode Date last seen Copy number Price effective from Koha item type
    Dewey Decimal Classification     Non-fiction Asiatic Society Library Asiatic Society Library Dhaka Collection 05/30/2022 ASB Library Collection   954.922 BED 116834 05/30/2022 C-1 05/30/2022 Books

Powered by Koha